Introduction à la sociologie pragmatique (notice n° 2117830)
[ vue normale ]
| 000 -LEADER | |
|---|---|
| fixed length control field | 00837cam a2200133 4500500 |
| 005 - DATE AND TIME OF LATEST TRANSACTION | |
| control field | 20260405015739.0 |
| 041 ## - LANGUAGE CODE | |
| Language code of text/sound track or separate title | fre |
| 042 ## - AUTHENTICATION CODE | |
| Authentication code | dc |
| 100 10 - MAIN ENTRY--PERSONAL NAME | |
| Personal name | Nachi, Mohamed |
| Relator term | author |
| 245 00 - TITLE STATEMENT | |
| Title | Introduction à la sociologie pragmatique |
| 260 ## - PUBLICATION, DISTRIBUTION, ETC. | |
| Name of publisher, distributor, etc. | Armand Colin,<br/> |
| Date of publication, distribution, etc. | 2006.<br/> |
| 520 ## - SUMMARY, ETC. | |
| Summary, etc. | Présentation synthétique de la sociologie dite « pragmatique » qui date du début des années 1980. Analyse critique des présupposés et des résultats de ce type sociologique qui a l’ambition de dépasser l’opposition entre individuel et collectif et de se débarrasser des catégories usuelles (classe sociale, culture, société, etc.) pour construire une approche en continuité avec le sens commun. |
| 856 41 - ELECTRONIC LOCATION AND ACCESS | |
| Uniform Resource Identifier | <a href="https://shs.cairn.info/introduction-a-la-sociologie-pragmatique--9782200268497?lang=fr&redirect-ssocas=7080">https://shs.cairn.info/introduction-a-la-sociologie-pragmatique--9782200268497?lang=fr&redirect-ssocas=7080</a> |
Pas d'exemplaire disponible.




Réseaux sociaux